000 00504 a2200193 4500
005 20260313121836.0
008 260312b |||||||| |||| 00| 0 eng d
020 _a9789383723546
_cRs. 795.00
040 _aMAIN
082 _a320.954
_bP194F
100 _aPanikkar, K M
245 _aFoundations of new India
260 _bLG Publishers and Distributors
_aDelhi
_c2019
300 _a259
650 _aPolitical Science
650 _aNationalism
650 _aIndia Nationalism
942 _cBK
999 _c394660
_d394660